000 00648nam a2200205 a 4500
005 20240925063757.0
008 011016s1997 ea r 000 0 eng d
020 _a0792345266
035 _aUPN01000113099
049 _aCG
050 4 _aQA11 A2
_bB7.63
100 1 _aBrousseau, Guy,
_d1933-
_935821
245 1 0 _aTheory of didactical situations in mathematics /
_cGuy Brousseau ; ed. y tr. Nicolas Balacheff.
260 _aDordrecht, Hol. :
_bKluwer,
_cc1997.
300 _a304 p.
440 0 _aMathematics education library ;
_v19
650 4 _aMatemáticas
_xEstudio y enseñanza
_93601
700 1 _aBalacheff, Nicolas,
_eed.
905 _aLibro
999 _c87007
_d87007